| 000 | 00807 a2200157 4500 | ||
|---|---|---|---|
| 003 | Nust | ||
| 005 | 20230208120703.0 | ||
| 040 | _cNust | ||
| 082 | _a954.6,SIN | ||
| 100 |
_aTavleen Singh _9108740 |
||
| 245 | _aKashmir a traedy of errors / | ||
| 260 |
_aNew Delhi _bViking Publishers _c1995 |
||
| 300 | _axi:254 pages | ||
| 505 | _aA History of Mistrust (Page-1), Discovering Kashmiriyat (Page-18), A Bitter Campaign (Page-34), Farooq,s Dismissal (Page-49), A Big Step Backwards (Page-63), The Fires of 84 (Page-77), Accord Breeds Discord (Page-90), A Turn for the Worse (Page-105), A loss of Nerve (Page-118), Crackdown (Page-135), A Change of Guard (Page-152), An Undeclared War (Page-166), Missed Opportunity (Page-182), The View from Pakistan (Page-196), Inhuman Errors (Page-212). | ||
| 942 |
_2ddc _cBK |
||
| 999 |
_c194036 _d194036 |
||